| 000 | 00633nam a2200169 a 4500 | ||
|---|---|---|---|
| 001 | 000024481 | ||
| 005 | 20200930023209.0 | ||
| 008 | 110128s2010 dr 000 0 spa d | ||
| 020 | _a9789945415346 | ||
| 040 |
_aDO-SdBNP _bspa _cBNPHU |
||
| 082 |
_axxx _bM516p |
||
| 100 | 1 |
_aMejía, Radhamés _96414 |
|
| 245 | 1 | 0 |
_aPor una educación de calidad sin exclusiones : _breflexiones sobre temas educativos / _cRadhamés Mejía. |
| 260 |
_aSanto Domingo : _bPontificia Universidad Católica Madre y Maestra ; _bCentro de Investigación en Educación y Desarrollo Humano (CIEDHUMANO), _c2010. |
||
| 300 |
_a100 p. ; _c23 cm. |
||
| 049 | _aBNPD | ||
| 999 |
_c23974 _d23974 |
||